OPAC Home

The rites of passage (Record no. 105276)

MARC details
000 -LEADER
fixed length control field 00470nam a2200181Ia 4500
003 - CONTROL NUMBER IDENTIFIER
control field LK-CoDNM
008 - FIXED-LENGTH DATA ELEMENTS--GENERAL INFORMATION
fixed length control field 010623t1960 xxu||||| |||| 00| 1 eng d
040 ## - CATALOGING SOURCE
Original cataloging agency LK-CoDNM
Modifying agency LK-CoDNM
Description conventions LK-CoDNM
041 ## - LANGUAGE CODE
Language code of text/sound track or separate title English
080 ## - UNIVERSAL DECIMAL CLASSIFICATION NUMBER
Universal Decimal Classification number 392:393
Item number GEN
942 ## - ADDED ENTRY ELEMENTS (KOHA)
Koha item type Books
100 ## - MAIN ENTRY--PERSONAL NAME
Personal name Caffee , Gabrielle L
700 ## - ADDED ENTRY--PERSONAL NAME
Personal name Gennep , Arnold
700 ## - ADDED ENTRY--PERSONAL NAME
Personal name Vizedom , Monika B.
245 ## - TITLE STATEMENT
Title The rites of passage
260 ## - PUBLICATION, DISTRIBUTION, ETC. (IMPRINT)
Name of publisher, distributor, etc. Routledg Kegan Paul
Place of publication, distribution, etc. London
Date of publication, distribution, etc. 1960
300 ## - PHYSICAL DESCRIPTION
Other physical details 198p, 21 cm
Holdings
Withdrawn status Lost status Damaged status Not for loan Collection code Permanent Location Current Location Date acquired Full call number Barcode Koha item type
        Monographs Library National Museum Colombo - Sri Lanka Library National Museum Colombo - Sri Lanka 2023-08-02 392:393 GEN 105318 Books
Copyright © 2023 Department of National Museum, Colombo 07, Sri Lanka Funded by UNESCO IFAP UNESCO